Da Vinciho kód

Bibliographic Details
Main Author: Brown, Dan, 1964- (Author)
Other Authors: Havrila, Otto, 1963- (Translator)
Format: Book
Language:Slovak
English
PhysicalDescription:464 strán 22 cm
Published: Bratislava Slovart 2004
ISBN:8071458481
Edition:1. vyd.
Subjects:

MARC

LEADER 00000cam a2200000 a 4500
001 vtls001474727
003 SK-MaSNL
005 20260301225125.0
008 240226s2004 xo gr 000 f slo
015 |a SNBA2004 
020 |a 8071458481  |q (viazané) 
035 |a SNK000430028 
035 |a urn:nbn:sk:snk-am3j2kj 
035 |a DCD6E248-20FE-4B12-AB8F-2DE4B3A7CDBB 
035 |a urn:nbn:sk:snk-am00gme3 
040 |a SNK  |b slo  |c SNK  |e AACR2 
041 1 |a slo  |h eng 
044 |a xo  |c SK 
072 7 |a 821.111(73)-3  |x Americká próza  |2 konspekt 
080 |a 821.111(73)-31  |2 1997 
080 |a 821.111(73)-31  |2 2011 
080 |a (0:82-312.4)  |2 2011 
100 1 |a Brown, Dan,  |d 1964-  |4 aut  |9 206683 
240 1 4 |a The Da Vinci code  |l Slovensky 
245 1 0 |a Da Vinciho kód  |c Dan Brown ; [z anglického originálu The Da Vinci code preložil Oto Havrila] 
250 |a 1. vyd. 
260 |a Bratislava  |b Slovart  |c 2004 
300 |a 464 strán  |c 22 cm 
655 7 |a americké romány  |2 SNKPH  |9 1174 
655 7 |a trilery (romány)  |2 SNKPH  |9 151146 
700 1 |a Havrila, Otto,  |d 1963-  |4 trl  |9 167397 
919 |a 80-7145-848-1 
958 |a TL 
958 |a LX 
958 |a UP 
999 |c 949792  |d 951722 
952 |t P60, <03>, [BOOK], {603}, -K-  |a SNK  |b SNK  |y PREZ  |7 0  |p 17A0428813  |o snkSC 115776  |i snkKSP 6299/2004  |0 0  |1 0  |4 0  |d 2004-05-12  |f 1  |l 0  |r 2025-10-16 00:00:00  |w 2026-02-24 
952 |t P60, <04>, [BOOK], {604}  |a SNK  |b SNK  |y VYP  |7 0  |p 17A0438635  |o snkSC 115776 D1  |i snkKSP 10430/2004  |0 0  |1 0  |4 0  |d 2004-08-03  |l 0  |r 2005-01-02 00:00:00  |w 2026-02-24